Catálogo
Digital

Catálogo
Digital

Administración de ventas (Record no. 10692)

MARC details
000 -LEADER
campo de control de longitud fija 01354nam a2200301Ia 4500
000 - LEADER
campo de control de longitud fija nam a22 i 4500
001 - NÚMERO DE CONTROL
campo de control UNACH-14172
007 - CAMPO FIJO DE DESCRIPCIÓN FÍSICA--INFORMACIÓN GENERAL
campo de control de longitud fija ta
008 - DATOS DE LONGITUD FIJA--INFORMACIÓN GENERAL
campo de control de longitud fija 221212s ||||fr|||| 00| | spa d
020 ## - NÚMERO INTERNACIONAL ESTÁNDAR DEL LIBRO
Número Internacional Estándar del Libro 978-6-07-438414-7
041 0# - CÓDIGO DE IDIOMA
Código de lengua del texto/banda sonora o título independiente spa
082 04 - NÚMERO DE LA CLASIFICACIÓN DECIMAL DEWEY
Número de clasificación 658.81
Número de ítem Administración de ventas
100 1# - ENTRADA PRINCIPAL--NOMBRE DE PERSONA
Nombre de persona Torres Morales, Virgilio,
Término indicativo de función/relación autor
245 10 - MENCIÓN DEL TÍTULO
Título Administración de ventas
264 31 - PRODUCCIÓN, PUBLICACIÓN, DISTRIBUCIÓN, FABRICACIÓN Y COPYRIGHT
Producción, publicación, distribución, fabricación y copyright [México] :
-- México D.F :
Nombre del de productor, editor, distribuidor, fabricante Grupo editorial Patria.,
Fecha de producción, publicación, distribución, fabricación o copyright 2011
300 ## - DESCRIPCIÓN FÍSICA
Extensión 271 páginas :
Otras características físicas ilustraciones y tablas
336 ## - TIPO DE CONTENIDO
Término de tipo de contenido texto
Código de tipo de contenido txt
Fuente rdacontent
337 ## - TIPO DE MEDIO
Nombre/término del tipo de medio no mediado
Código del tipo de medio n
Fuente rdamedia
338 ## - TIPO DE SOPORTE
Nombre/término del tipo de soporte volumen
Código del tipo de soporte nc
Fuente rdacarrier
504 ## - NOTA DE BIBLIOGRAFÍA, ETC.
Nota de bibliografía, etc. Incluye: Prólogo, Introducción, Índice,
505 0# - NOTA DE CONTENIDO CON FORMATO
Nota de contenido con formato Introducción a la Administración.-- Fundamentos de las ventas.-- Relaciones del departamento de ventas.-- Naturaleza de la planeación de ventas.--Técnicas de ventas.-- Modelos de ventas.-- Análisis de mercado.-- Pronóstico de ventas.-- El presupuesto de ventas.-- Organización de la fuerza de ventas.-- Reclutamiento, selección y capacitación del personal de ventas por tiempo y territorio.-- Asignación al personal de ventas por cuotas.-- Servicio a clientes.--
650 14 - PUNTO DE ACCESO ADICIONAL DE MATERIA--TÉRMINO DE MATERIA
Término de materia o nombre geográfico como elemento de entrada ADMINISTRACIÓN
650 24 - PUNTO DE ACCESO ADICIONAL DE MATERIA--TÉRMINO DE MATERIA
Término de materia o nombre geográfico como elemento de entrada ATENCIÓN AL CLIENTE
650 24 - PUNTO DE ACCESO ADICIONAL DE MATERIA--TÉRMINO DE MATERIA
Término de materia o nombre geográfico como elemento de entrada FUNDAMENTOS
653 0# - TÉRMINO DE INDIZACIÓN--NO CONTROLADO
Término no controlado Administración de ventas
942 ## - ELEMENTOS DE ENTRADA SECUNDARIOS (KOHA)
Fuente del sistema de clasificación o colocación Clasificación Decimal Dewey
Tipo de ítem Koha Libros
Suprimir en OPAC No
Holdings
Estado de pérdida Fuente del sistema de clasificación o colocación Estado de daño No para préstamo Biblioteca de origen Biblioteca actual Sección Fecha de adquisición Coste, precio normal de compra Total de préstamos Signatura topográfica completa Código de barras Visto por última vez Fecha del último préstamo Precio de reemplazo Tipo de ítem Koha
  Clasificación Decimal Dewey     Biblioteca Campus Norte Biblioteca Campus Norte Facultad de Ciencias Políticas y Administrativas - Generalidades 08/03/2018 26.00 1 658.81 TOR L013791 L013791 22/06/2023 22/06/2023 15/12/2022 Libros
  Clasificación Decimal Dewey     Biblioteca Campus Norte Biblioteca Campus Norte Facultad de Ciencias Políticas y Administrativas - Generalidades 08/03/2018 26.00   658.81 TOR L013792 L013792 15/12/2022   15/12/2022 Libros

Powered by Koha